000 01225nam a2200301Ia 4500
008 130821s2008 ck a gr spa
020 _a9789588307657
040 _aCo-BoUCM
_bspa
041 0 0 _aspa
100 1 _aGrosh, Margaret.
_9168353
245 1 0 _aPolíticas de protección social eficaces diseño e implementación para la protección y la promoción
_cMargaret Grosh...[et al.].;con la asistencia de Annamaria Milazzo y Chistine Weigand; traducción de Ignacio Caviedes H
260 _aBogotá (Colombia)
_bBanco Mundial Mayol ediciones
_c2008
300 _axviii, 615 páginas
_bilustraciones cuadros, gráficos
504 _aIncluye referencias bibliográficas e índice.
650 0 4 _aAdministración pública
_9355
650 0 4 _aAsistencia económica
_99640
650 0 4 _aAsistencia pública
_99656
650 0 4 _aPobreza
_921746
650 0 4 _aSociología
_9386
700 1 _aDel Ninno, Carlo
_9168354
700 1 _aIgnacio Caviedes H.
_etrad
_9168355
700 1 _aMilazzo, Annamaria
_9168356
700 1 _aOuerghi, Azedine
_9168357
700 1 _aTesliuc, Emil
_9168358
700 1 _aWeigand, Chistine
_9168359
942 _cLIBRO
_a5
_e1
_mG877p
_2DEWEY
_h362.57
999 _c72942
_d72942